Cuentos y recetas de la abuela / (Registro nro. 8601)

Detalles MARC
000 -LIDER
fixed length control field 01191nam a22003017a 4500
001 - NÚMERO DE CONTROL
Identificador de número de control 00260
003 - IDENTIFICACDOR DE NÚMERO DE CONTROL
control field DO-SdBPM
005 - DATE AND TIME OF LATEST TRANSACTION
control field 20250402095626.0
007 - CAMPOS FIJOS DE DESCRIPCIÓN FÍSICA
fixed length control field ta
008 - ELEMENTOS DE LONGITUD FIJA
fixed length control field 151106b19uu sp |||| 00| 0 spa d
020 ## - ISBN
International Standard Book Number 8430577327
040 ## - FUENTE DE CATALOGACIÓN
Agencia que crea de manera original el registro DO-SdBPM
Idioma de catalogación spa
Agencia que realiza la transcripción BPMSU
082 #4 - NÚMERO DE CLASIFICACIÓN DECIMAL DE DEWEY
Classification number 863.6
Item number S486c
Edition number 22
092 ## - LOCALLY ASSIGNED DEWEY DECIMAL CALL NUMBER
Número de clasificación xxxx
Número de ítem (Cutter) xxxx
100 1# - ASIENTO PRINCIPAL -- NOMBRE PERSONAL
Nombre personal Serna, Ana
245 10 - MENCIÓN DE TITULO
Título Cuentos y recetas de la abuela /
Mención de responsabilidad textos Ana Serna ; ilustraciones, Margarita Menéndez
260 ## - PUBLICACIÓN, DISTRIBUCIÓN, ETC. (PIE DE IMPRENTA)
Lugar de publicación, distribución, etc Madrid :
Nombre del editor, distribuidor, etc. Susaeta,
Fecha de publicación, distribución, etc 199-?]
300 ## - DESCRIPCIÓN FÍSICA
Extensión 129 p. :
Otros detalles físicos il. ;
Dimensiones 28 cm
505 0# - NOTA DE CONTENIDO
Título Dedicatoria --<br/>Album familiar -- <br/>La granja de los abuelos Lucía y Paco --<br/>En la cocina con la abuela Lucía --<br/>Mi abuelo Paco es un manitas --<br/>En la feria con los abuelos Ana y Jorge --<br/>De compras con la abuela Ana --<br/>A merendar --<br/>La siesta del abuelo Jorge --<br/>Qué fiesta tan divertida.
590 ## - NOTA LOCAL
Texto de la nota local Inventariado, 2025/VM
650 #4 - ENCABEZAMIENTO DE MATERIA--TEMÁTICO
Término temático o nombre geográfico como elemento de entrada Cuentos infantiles españoles
650 #4 - ENCABEZAMIENTO DE MATERIA--TEMÁTICO
Término temático o nombre geográfico como elemento de entrada Abuelos
Subdivisión de forma Cuentos infantiles
650 #4 - ENCABEZAMIENTO DE MATERIA--TEMÁTICO
Término temático o nombre geográfico como elemento de entrada Cocina
Subdivisión de forma Cuentos infantiles.
650 #4 - ENCABEZAMIENTO DE MATERIA--TEMÁTICO
Término temático o nombre geográfico como elemento de entrada Libros ilustrados para niños.
700 1# - ASIENTO SECUNDARIO -- NOMBRE PERSONAL
Nombre personal Menéndez, Margarita,
Títulos u otras palabras asociadas con el nombre ilustraciones
910 ## - VALIDACIÓN
Validación VMateo V. Control de calidad. BPMSU
942 ## - ADDED ENTRY ELEMENTS (KOHA)
Source of classification or shelving scheme Dewey Decimal Classification
Koha item type Libros
Existencias
Withdrawn status Lost status Source of classification or shelving scheme Damaged status Not for loan Collection code Home library Current library Date acquired Source of acquisition Total Checkouts Full call number Barcode Date last seen Price effective from Koha item type
    Dewey Decimal Classification     Colección Infantil General Biblioteca Pública Metropolitana Salomé Ureña Biblioteca Pública Metropolitana Salomé Ureña 11/06/2015 FUNDI   BPMSU CGI 863.6 S486c BPMSU15110120 11/06/2015 11/06/2015 Libros